| 000 | 00443 a2200157 4500 | ||
|---|---|---|---|
| 999 |
_c31 _d31 |
||
| 020 | _a9780333793848 | ||
| 050 | _aBD21 HAR 1990 | ||
| 100 |
_aHarrison-Barbet, Anthony _eAuthor |
||
| 245 |
_aMastering philosophy / _cAnthony Harrison-Barbet |
||
| 264 |
_aNew York _bPalgrave Macmillan _c1990 |
||
| 300 | _axv, 509p. | ||
| 440 | _aPalgrave master series | ||
| 500 | _aIncludes index | ||
| 650 | _aPhilosophy | ||
| 942 |
_2lcc _cBK _e2nd ed. _h21 _iHAR _kBD |
||